NBA Team Logos - Statistics

General Stats
  • This quiz has been taken 13 times
  • The average score is 28 of 30
Answer Stats
Picture Answer % Correct
Atlanta Hawks
100%
Boston Celtics
100%
Brooklyn Nets
100%
Charlotte Hornets
100%
Chicago Bulls
100%
Cleveland Cavaliers
100%
Detroit Pistons
100%
Golden State Warriors
100%
Houston Rockets
100%
Indiana pacers
100%
Los Angeles Lakers
100%
Miami Heat
100%
Milwaukee Bucks
100%
Minnesota Timberwolves
100%
New York Knicks
100%
Philadelphia 76ers
100%
Phoenix Suns
100%
San Antonio Spurs
100%
Utah Jazz
100%
Denver Nuggets
91%
Memphis Grizzlies
91%
Oklahoma City Thunder
91%
Portland Trail Blazers
91%
Washington Wizards
91%
Dallas Mavericks
82%
Los Angeles Clippers
82%
New Orleans Pelicans
82%
Orlando Magic
82%
Sacramento Kings
82%
Toronto Raptors
73%
No matching quizzes found
Score Distribution
Percent of People with Each Score
Percentile by Number Answered
Your Score History
You have not taken this quiz